| 000 | 00317nam a2200121Ia 4500 | ||
|---|---|---|---|
| 008 | 230907s9999||||xx |||||||||||||| ||und|| | ||
| 082 | _a621.319,MIL | ||
| 100 |
_aMiller, Robert H. _963758 |
||
| 245 | 0 | _aPower system operation / | |
| 260 |
_aMcGraw-Hill, _bNew York : _c1994 |
||
| 300 | _axiii, 271 p. : | ||
| 942 | _cBK | ||
| 999 |
_c597975 _d597975 |
||